000 00447nam a22001457a 4500
003 PILC
005 20160204091931.0
008 160204b xxu||||| |||| 00| 0 eng d
050 _aRG 951
_b.T768 1997
110 _aDepartment of Health.
245 _aTraining manual for barangay health workers on maternal and child health /
260 _aManila :
_bDepartment of Health,
_c1997.
300 _axviii, 233 pages ;
_c28 cm.
942 _2lcc
_cBK
_kFIL
999 _c290465
_d290465